00711cam a2200193 a 450000100060000000300080000600500170001400800410003103500190007204000310009104100130012208200280013510000340016324501140019726000330031130000530034450000620039765100580045927248BD-RjUL20211209051130.0140324s1962 enkcf 00010 eng d a(BD-RjUL)27320 dBD-RjULaNBDPLbengcNBDPL1 aenghfre00a967.51024220bLUC 19621 aLumumba, Patrice,d1925-1961.10aCongo, my country /cPatrice Lumumba ; with a foreword and notes by Colin Legum ; translated by Graham Heath. aLondon :bPall Mall,cc1962. axxix, 195 p., [4] p. of plates :bill. ;c23 cm. aTranslation of "Le Congo, terre d'avenir, est-il menace?" 0aCongo (Democratic Republic)xPolitics and government.